|
|
|
|
| LEADER |
00000naa a2200000 ar4500 |
| 001 |
vtls009335472 |
| 003 |
SK-MaSNL |
| 005 |
20260302144312.0 |
| 008 |
080918c1987 xo |r|p|||||||000 b|slo |
| 015 |
|
|
|a SNBRA2008/08
|2 snkbucl
|
| 038 |
|
|
|a SNKBUCL
|
| 040 |
|
|
|a SNKBUCL
|b slo
|c SNKBUCL
|e AACR2
|
| 041 |
0 |
|
|a slo
|
| 044 |
|
|
|a xo
|c SK
|
| 080 |
|
|
|a 82(091):821.162.4"18/19"
|2 2001
|
| 080 |
|
|
|a 821.162.4
|x (091)
|x "18/19"
|2 2001
|
| 080 |
|
|
|a 82.0:82-1/-9:821.162.4-1
|x "18/19"
|2 2001
|
| 080 |
|
|
|a 821.162.4-1:82.0:82-1/-9
|x "18/19"
|2 2001
|
| 100 |
1 |
|
|a Kraus, Cyril,
|d 1928-2012
|4 aut
|9 14532
|
| 245 |
1 |
0 |
|a Balada včera a dnes
|c Cyril Kraus
|
| 648 |
|
7 |
|a 19.-20. stor.
|2 snkbucl
|9 268609
|
| 650 |
0 |
7 |
|a balada
|2 snkbucl
|9 1722
|
| 650 |
0 |
7 |
|a slovenská literatúra
|2 snkbucl
|9 1115
|
| 655 |
|
7 |
|a štúdie
|2 snkbucl
|9 57033
|
| 773 |
0 |
|
|t Tradice lidové slovesnosti v současné literatuře
|b sborník materiálů z vědecké konference 27. Bezručovy Opavy (12.-13. září 1984)
|d Opava : Slezské muzeum, 1987
|g S. 44-49
|
| 852 |
|
|
|a SNK
|b KIS3GCP
|
| 958 |
|
|
|a LX
|
| 958 |
|
|
|a SK
|
| 958 |
|
|
|a PBCK2008
|
| 999 |
|
|
|c 1348521
|d 1350451
|